01875nam a22001697a 4500999001700000020001800017082002700035100002600062245012500088260004200213300001500255520122400270650004401494650002101538942001201559952013401571 c27537d27537 a9789388264860 bSIN-Da305.51220954123 aSingh, Shashi Bhushan aDemocracy And Social MovementbA Sociological Analysis Of Bihar's Backward Class Movementc/ Shashi Bhushan Singh et.al aNew Delhi:bAne Books Pvt.Ltd.,c2020 aviii;154p. aWhy men rebel? What is the logic of political alliances? How agents and social structure interact during the course of social movements? By studying intensively the Bihar's backward class movement, the book tries to explore and answer some of these questions. Based upon first hand information about the region under study, an attempt has been made to understand the relation between social structure and social movements. Social movement is a long drawn process, whereas in initial years, a group of people struggle to create conducive environment (social structure) for the origin of social movement. Initially, the social structure remains hostile, since erstwhile dominants use harsh measures to crush any voice that may go against their domination. However, some people having vision, perseverance and charisma prepare the environment for the origin and growth of the movement. In course of time as the situation becomes favourable, large number of people becomes part of the movement leading to significant change in the social structure. However, further change in social structure makes the situation hostile for the sustenance of the social movement. At this point of time the movement starts losing its steam. aSocial structurexSocial stratification aSocial movements 2ddccBK 00104070aNASSDOCbNASSDOCd2022-03-15e7g642.40l0o305.51220954123 SIN-Dp52180r2022-03-15 00:00:00v880.00w2022-03-15yBK